| 000 | 00650nam a2200169 a 4500 | ||
|---|---|---|---|
| 001 | 000039046 | ||
| 005 | 20201002031455.0 | ||
| 008 | 130516s2006 dr 000 0 spa d | ||
| 040 |
_aDO-SdBNP _bspa _cBNPHU |
||
| 100 | 1 |
_aMatos Féliz, Máximo _965283 |
|
| 245 | 1 | 0 |
_aProcedimiento penal en el juzgado de paz : _breglamentos y formularios / _cMáximo Matos Féliz ; prólogo Carlos Julio Féliz Vidal. |
| 260 |
_aSanto Domingo : _bIdegraf, _c2006. |
||
| 300 |
_a301 p. ; _c29 cm. |
||
| 500 | _aIncluye datos biográficos del autor en la solapa de la cubierta | ||
| 504 | _aBibliografía : p. 301 | ||
| 700 | 1 |
_aFéliz Vidal, Carlos Julio, _epról. _965284 |
|
| 999 |
_c38536 _d38536 |
||